Capital Ain't The Biggest City Quiz Stats

 Plays Quiz Updated May 14, 2019

Score 0/45 Timer 10:00
21 Plays Today
Continent Country % Correct
North AmericaUnited States (New York City)
94.2%
North AmericaCanada (Toronto)
91.8%
South AmericaBrazil (São Paulo)
90.3%
OceaniaAustralia (Sydney)
89.9%
AsiaChina (Shanghai)
84.3%
OceaniaNew Zealand (Auckland)
83%
AfricaSouth Africa (Johannesburg)
82.9%
AsiaIndia (Mumbai)
79.4%
EuropeTurkey (Istanbul)
72.6%
AfricaNigeria (Lagos)
70.4%
EuropeSwitzerland (Zurich)
69.5%
South AmericaBolivia (Santa Cruz)
69.4%
AsiaPakistan (Karachi)
66.6%
South AmericaEcuador (Guayaquil)
66.3%
AfricaMorocco (Casablanca)
63.7%
AsiaVietnam (Ho Chi Minh City)
63.7%
South AmericaVenezuela (Maracaibo)
63%
South AmericaGuyana (Linden)
59.8%
AsiaUnited Arab Emirates (Dubai)
53.3%
AsiaKazakhstan (Almaty)
51.1%
North AmericaBelize (Belize City)
50.2%
EuropeBelgium (Antwerp)
49.6%
AsiaMyanmar (Rangoon)
48%
Continent Country % Correct
AfricaTanzania (Dar es Salaam)
47.8%
AsiaOman (Seeb)
44.4%
AsiaSyria (Aleppo)
43.9%
EuropeMalta (Birkirkara)
43.6%
AfricaSudan (Omdurman)
43.2%
AsiaSri Lanka (Colombo)
41.7%
EuropeCyprus (Limassol)
40.2%
AfricaCôte d'Ivoire (Abidjan)
38.3%
AfricaCameroon (Douala)
37%
AsiaPhilippines (Quezon City)
36.9%
EuropeLiechtenstein (Schaan)
36.4%
EuropeSan Marino (Dogana)
36.1%
OceaniaPalau (Koror City)
36%
AfricaBurundi (Bujumbura)
34.6%
AsiaPalestine (Gaza)
33.4%
OceaniaMicronesia (Weno)
32.8%
AfricaBenin (Cotonou)
32.3%
AsiaTaiwan (New Taipei City)
30.5%
AfricaMozambique (Matola)
29.2%
AsiaKuwait (Hawalli)
27.8%
North AmericaTrinidad and Tobago (Chaguanas)
25.3%
AfricaThe Gambia (Brikama)
24.6%

You're not logged in!

Compare scores with friends on all Sporcle quizzes.
OR
Log In

You Might Also Like...

Show Comments

Extras

Top Quizzes Today


Score Distribution

Your Account Isn't Verified!

In order to create a playlist on Sporcle, you need to verify the email address you used during registration. Go to your Sporcle Settings to finish the process.

Report this User

Report this user for behavior that violates our Community Guidelines.

Details: